000 00762nam a22001937a 4500
005 20250821164534.0
010 _aHIN-129870
020 _c200.00
_a9789363182127
035 _aHN-102216
037 _bDBAD
082 _a954.0841
100 _aसिंह, भगत
_984228
245 _aभगत सिंह की जेल डायरी/
_cभगत सिंह
250 _a1
260 _aनई दिल्ली
_bडायमंड बुक्स
_c2024
270 _aएक्स -30 ओखला इंडस्ट्रियल एरिया ,फेज 2
_bनई दिल्ली
_e110020
300 _a208पृ.
_c21 सेमी (अजिल्द )
942 _2ddc
_cHN
_h954.0841
_mसिंहभ
999 _c212009
_d212009